01328nam a2200361Ia 4500001000700000003000500007008004100012010001100053020002200064040000900086082001500095110004100110245020200151260006400353300001100417503001800428504005200446650003000498650004000528650002300568650004400591700004300635700004600678700004100724710004100765901001500806902000600821910000900827942000600836942000700842999001900849952009800868Z_6636CHAP220113s2012 xx 000 0 und d a169910 a978-958-8595-02-3 cCHAP a631.21 H64 aHogares Juveniles Campesinos9145432 aGranja integral autosuficiente /cHogares Juveniles Campesinos ; fotografía Fabián Perdomo Delgado... [et al], ilustración Sandra Palomino Aguirre... [et al]; edición Marcela Ramírez-Aza aColombia :b Fundacion Hogares Juveniles Campesinos,c2012 a304 p. aej.1: consumo aBibliografía: p. 289 - 290 , incluye índice aAbono para granja9145433 aAdministración de granjas9143869 aAlelopatía93761 aGanadería xx Administracion9145434 a Palomino Aguirre, Sandra, il.9145435 a Perdomo Delgado, Fabián, fot. 9145436 aRamírez-Aza, Marcela, ed. 9145437 aHogares Juveniles Campesinos9145432 a631.21 H64 aM a2012 c1 cc1 c169910d169910 00102ddc40708GRALaZbZc1d2015-10-05pz_3309r2022-01-18 00:00:00t1w2022-01-18yLIBRO